00649nam a22001937a 450000500170000000800410001708200170005810000240007524500290009926000410012830000100016949000390017954100090021865000490022765000280027665000230030495201130032799900150044020230313032246.0230313b |||||||| |||| 00| 0 eng d aFic J25 1976 aJakes, Johneauthor aThe titans /cJohn Jakes aNew York:bJove Publications,cc1976 a633p. aThe Kent family chronicles; vol. 5 e5327 aKent family (Fictitious character) - Fiction aUnited States - Fiction aHistorical fiction 00102ddc4070aCTUMBbCTUMBd2018-05-03l0oFic. J25 1976p5327r2023-03-13 00:00:00t1w2023-03-13yBK-FC c1729d1729